| 000 | 00577nam a2200253Ia 4500 | ||
|---|---|---|---|
| 005 | 20260306154510.0 | ||
| 008 | 008 260114s9999 xx 000 0 eng d | ||
| 020 | _a9781800105805 | ||
| 037 | _aEBOOK | ||
| 040 | _aCRL | ||
| 040 | _beng | ||
| 040 | _cCRL | ||
| 041 | _2eng | ||
| 041 | _aeng | ||
| 084 | _qCRL | ||
| 100 |
_aPhillips/Sergeant _91127686 |
||
| 245 | 0 | _aMusic and Time | |
| 260 | _bBoydell & Brewer | ||
| 260 | _c2022 | ||
| 650 | _a Philosophy | ||
| 856 | _uhttps://doi.org/10.1017/9781800105805 | ||
| 942 | _cEBOOK | ||
| 999 |
_c1707759 _d1707759 |
||